| 000 | 00568nam a2200169 i 4500 | ||
|---|---|---|---|
| 001 | C2-0251581 | ||
| 003 | PPAK | ||
| 005 | 20180729000221.0 | ||
| 008 | 030918s my |||| ||||| | may d | ||
| 040 |
_aPPAK _beng _cPPAK _erda |
||
| 245 | 0 | 0 |
_aJejak Rasul 4 : Disk2 _bTakhta Nabi Sulaiman, Makam Nabi Yunus dan mata air Nabi Ayub/Xinjiang wilayah 23,000 masjid/Mengintai keindahan budaya |
| 264 | 1 |
_aKuala Lumpur : _bGrand Brilliance Snd. Bhd. , |
|
| 336 |
_2rdacontent _atext |
||
| 337 |
_2rdamedia _aunmediated |
||
| 338 |
_2rdacarrier _avolume |
||
| 942 |
_2ddc _cVCD |
||
| 999 |
_c164931 _d164931 |
||